000 00373 a2200169 4500
001 182832
020 _a85-08-06798-4
040 _cMagnum
100 _aVicente, Gil
240 1 0 _aAuto da barca do inferno
_lpor
245 1 0 _aAuto da barca do inferno
300 _a131
362 0 _a2001
440 1 _aÁtica
697 _aLITERATURA GERAL ESTRANGEIRA
942 _cBK
999 _c182832
_d182832